[Event "45th Olympiad 2024"]
[Site "Budapest HUN"]
[Date "2024.09.18"]
[Round "7.40"]
[Board "3"]
[White "Abdulla, Murad"]
[Black "Yang, ching Wei"]
[Result "1-0"]
[WhiteElo "2312"]
[BlackElo "2121"]
[PlyCount "95"]
[EventDate "2024.09.11"]
[WhiteTeam "Scotland"]
[BlackTeam "Chinese Taipei"]
[WhiteTeamCountry "SCO"]

1. Nf3 d5 2. g3 g6 3. Bg2 Bg7 4. O-O e5 5. d3 Nc6 6. Nbd2 Nge7 7. c4 ({RR} 7. c3 a5 8. b3 O-O 9. a3 h6 10. Bb2 d4 11. Rc1 Be6 12. b4 dxc3 13. Bxc3 axb4 14. Bxb4 Re8 15. Ne4 b6 16. Nfd2 Bd5 17. Nc4 f5 18. Nc3 Bxg2 19. Kxg2 Kh7 20. Bxe7 Rxe7 21. a4 Na5 {½-½ Markus,R (2615)-Sargissian,G (2711) EU-Cup 37th Mayrhofen 2022 (7.6)}) 7... O-O 8. cxd5 ({RR} 8. Rb1 h6 9. b4 a6 10. a3 Be6 11. cxd5 Nxd5 12. Bb2 Nd4 13. e3 Nxf3+ 14. Nxf3 Qd6 15. Qc2 Rfd8 16. Rbc1 Rac8 17. d4 exd4 18. Nxd4 c6 19. Nxe6 Qxe6 20. Rfd1 Nb6 21. Bxg7 Kxg7 22. e4 Rxd1+ {0-1 Stojanovski,S (2169)-Barath,K (2086) Titled Tue 9th Apr Early 2024 (8)}) 8... Nxd5 9. a3 h6 $146 ({RR} 9... a5 10. Qc2 Nd4 11. Nxd4 exd4 12. Nf3 h6 13. Bd2 Be6 14. e4 dxe3 15. fxe3 c6 16. Rab1 Qb6 17. Rfe1 Rfd8 18. Kh1 a4 19. e4 Nc7 20. d4 Nb5 21. Be3 Nxd4 22. Nxd4 Bxd4 23. Bxh6 Ra5 24. Bf1 {0-1 Ostl,A (2385)-Nunn,J (2585) Bundesliga 8788 1987 [1]}) ({RR} 9... Be6 10. Qc2 Nd4 11. Nxd4 exd4 12. Ne4 c6 13. Bg5 f6 14. Nc5 Bg4 15. h3 Bc8 16. Bd2 Re8 17. Rae1 Kh8 18. b4 f5 19. Bc1 Qb6 20. Bb2 h5 21. Nb3 h4 22. Qc5 Qxc5 23. bxc5 hxg3 24. Bxd5 {0-1 Jimenez Molina,J (2207)-Ugalde Garcia,R (2162) CRI-ch San Jose 2002 (6)}) ({RR} 9... a5 10. Rb1 h6 11. Ne4 b6 12. Bd2 Bb7 13. Nc3 Nce7 14. Qc2 c5 15. e4 Nc7 16. b4 Ba6 17. b5 Bc8 18. a4 Ra7 19. Nd1 Bg4 20. Ne3 Bxf3 21. Bxf3 Ne6 22. Bc3 Rd7 23. Bg4 Nd4 24. Qa2 {0-1 Habibi,A (2229)-Torok,S (2277) Eger Agria op 40th 2016 (7)}) 10. Qc2 Nde7 11. Rb1 Nf5 12. e3 a5 13. Ne4 Nd6 14. Nc3 Bf5 15. b4 axb4 16. axb4 Nb5 17. Ne4 Na3 18. Bxa3 Rxa3 19. b5 Na5 20. Rfd1 b6 21. Rbc1 Nb3 22. Rb1 Be6 23. Qb2 Ra5 24. Nxe5 Rxb5 25. d4 Bxe5 26. dxe5 Qe7 27. Qc3 Rd8 28. Bf3 Kg7 29. Rxd8 Qxd8 30. Be2 Qd5 31. Bxb5 Qxe4 32. Qd3 Qf3 33. e4 Qxd3 34. Bxd3 Nd2 35. Rc1 Nf3+ 36. Kg2 Nxe5 37. Bb5 c5 38. f4 Ng4 39. h3 Nf6 40. Bc6 Bb3 41. g4 Kf8 42. Kf3 Ke7 43. Ke3 g5 44. Bb5 gxf4+ 45. Kxf4 Ke6 46. Ra1 Bc2 47. Bc4+ Ke7 48. Ra7+ 1-0

[Event "45th Olympiad 2024"]
[Site "Budapest HUN"]
[Date "2024.09.18"]
[Round "7.40"]
[Board "4"]
[White "Wang, Ting-Hao"]
[Black "Gourlay, Iain"]
[Result "1/2-1/2"]
[WhiteElo "1842"]
[BlackElo "2296"]
[PlyCount "70"]
[EventDate "2024.09.11"]
[WhiteTeam "Chinese Taipei"]
[BlackTeam "Scotland"]
[BlackTeamCountry "SCO"]

1. e4 c5 2. Nf3 Nc6 3. Bb5 Nf6 4. Bxc6 dxc6 5. d3 g6 6. h3 Bg7 7. Nc3 O-O 8. O-O b6 9. Be3 e5 10. Qd2 Ne8 ({RR} 10... Re8 11. a4 a5 12. Ne2 c4 13. dxc4 Nxe4 14. Qxd8 Rxd8 15. Bxb6 Re8 16. b3 c5 17. Rad1 Bf5 18. g4 Be6 19. Nd2 Ng5 20. Kh2 f5 21. Bxc5 fxg4 22. h4 Nf7 23. Ne4 Bf5 24. N2g3 Rec8 25. Be3 {1-0 Van Foreest,J (2614)-Mamedov,R (2703) EU-ch blitz Skopje 2018 (13)}) 11. Bh6 f6 12. Bxg7 ({RR} 12. Ne2 Be6 13. Bxg7 Nxg7 14. Qh6 Qe8 15. Ng3 Rd8 16. Rad1 Qf7 17. b3 Bc8 18. Nd2 Ne6 19. h4 Nf4 20. Rde1 Qg7 21. Qxg7+ Kxg7 22. Ne2 Ne6 23. a4 Rf7 24. Nc4 Ba6 25. Ne3 f5 26. f3 Nd4 {½-½ Chen,Z (2231)-Hou,Y (2132) 4th Binhai Cup 2024 (4.9)}) 12... Nxg7 13. Qh6 $146 ({RR} 13. Nh2 Ne6 14. Ne2 c4 15. f4 cxd3 16. cxd3 Ba6 17. Rad1 exf4 18. Nxf4 Nxf4 19. Rxf4 Qd4+ 20. Kh1 Rad8 21. Rf3 c5 22. b3 Bb7 23. Rf2 a5 24. Ng4 Bc8 25. Ne3 Be6 26. Nc4 a4 27. Nxb6 axb3 {½-½ Pingin,A (1981)-Nechaev,O (2400) RUS-chT rapid 2018 (8.8)}) ({RR} 13. Ne2 g5 14. Kh2 Qe8 15. Ng3 h5 16. Rh1 h4 17. Nf1 Qh5 18. Ne3 a5 19. Kg1 Ra7 20. Qc3 Be6 21. Nh2 Qg6 22. Nhg4 Nh5 23. Kh2 Nf4 24. Rae1 Kh8 25. g3 hxg3+ 26. fxg3 Rh7 27. Kg1 Nxh3+ {1-0 Salinas Barrios,M (1608)-Jodorcovsky,P (1798) Ita op 1st 2022 (3)}) ({RR} 13. Nh2 Ne6 14. Ne2 Qd6 15. Qe3 g5 16. Rad1 a5 17. h4 Ra7 18. hxg5 fxg5 19. Qg3 Rg7 20. Kh1 h5 21. Qe3 Nf4 22. g3 Nxe2 23. Qxe2 Bh3 24. Rfe1 g4 25. Rd2 Qh6 26. Qe3 Kh7 27. Qxh6+ Kxh6 {0-1 Lazic,E (2203)-Tamas,C (1884) Veliko Gradiste Silver Lake op-A 2022 (9)}) 13... Ne6 14. Ne2 Rf7 15. Nh2 Rg7 16. Ng4 Ng5 17. Kh1 Nf7 18. Qe3 h5 19. Nh6+ Nxh6 20. Qxh6 Qe8 21. Qe3 g5 22. a4 a5 23. c3 Ba6 24. Rfd1 Rd7 25. Rd2 Rad8 26. Rad1 h4 27. f3 Qe6 28. Nc1 Rd6 29. Kg1 Qd7 30. Kf2 Kg7 31. Ke1 Qc7 32. Ne2 R8d7 33. d4 Bxe2 34. Kxe2 exd4 35. cxd4 cxd4 1/2-1/2

[Event "45th Olympiad 2024"]
[Site "Budapest HUN"]
[Date "2024.09.18"]
[Round "7.41"]
[Board "1"]
[White "Eltigani, Omar"]
[Black "Tran, Thanh Tu"]
[Result "0-1"]
[WhiteElo "2241"]
[BlackElo "2387"]
[PlyCount "72"]
[EventDate "2024.09.11"]
[WhiteTeam "Sudan"]
[BlackTeam "Japan"]
[WhiteTeamCountry "SUD"]
[BlackTeamCountry "JPN"]

1. d4 Nf6 2. Nc3 d5 3. Bf4 c5 4. e3 cxd4 5. exd4 a6 6. Nf3 Nc6 7. Be2 Bg4 8. h3 Bxf3 9. Bxf3 e6 10. Ne2 Bd6 11. Bg5 $146 ({RR} 11. Be3 O-O 12. O-O Ne7 13. g3 Nf5 14. Bc1 Rc8 15. c3 b5 16. Qd3 Qc7 17. Bg5 Qc4 18. Rfd1 Be7 19. Nf4 Nd7 20. Bxe7 Nxe7 21. Qd2 a5 22. Be2 Qc6 23. Bd3 Qb6 24. a4 bxa4 25. Rxa4 Rb8 {1-0 Nakamura,H (2767)-Giri,A (2776) London Classic rapid op 6th 2014 (8)}) ({RR} 11. c3 O-O 12. O-O Qc7 13. Bxd6 Qxd6 14. Re1 b5 15. a3 Rab8 16. Nc1 a5 17. b4 Nd7 18. Nd3 Nb6 19. Nc5 Nc4 20. Be2 a4 21. Bd3 Rfe8 22. Qh5 g6 23. Qh6 e5 24. Bxc4 bxc4 25. Qd2 exd4 {0-1 Volpinari,D (1929)-Kirby,P (2011) Vaduz ESNA 4th 2022 (2)}) ({RR} 11. Qd2 Bxf4 12. Nxf4 Qd6 13. c3 O-O 14. O-O b5 15. Rfe1 a5 16. a3 Rfd8 17. Nd3 b4 18. axb4 axb4 19. Nc5 bxc3 20. bxc3 Na5 21. Rxa5 Rxa5 22. Nb7 Qc7 23. c4 Rda8 24. Nxa5 Qxa5 25. Qxa5 Rxa5 {0-1 Alfaro Caracas,W (2143)-Krivonosov,O (2362) Titled Tuesday intern op 04th Jan blitz 2022 (7)}) 11... h6 12. Bh4 g5 13. Bg3 Bxg3 14. Nxg3 Qb6 15. c3 Qxb2 16. Rc1 Qxa2 17. O-O Rc8 18. Qd3 Qa3 19. Nf5 Ne7 20. Ng7+ Kf8 21. Nh5 Nxh5 22. Bxh5 Qd6 23. f4 gxf4 24. Rce1 Nf5 25. Re5 Ng7 26. Bg4 h5 27. Bd1 Qc7 28. Qd2 Qxc3 29. Qxf4 Nf5 30. Rxf5 exf5 31. Qd6+ Kg8 32. Qxd5 Qe3+ 33. Kh1 Qe4 34. Qd7 Kg7 35. Rxf5 Qe6 36. Rg5+ Kf6 0-1

[Event "45th Olympiad 2024"]
[Site "Budapest HUN"]
[Date "2024.09.18"]
[Round "7.41"]
[Board "2"]
[White "Nanjo, Ryosuke"]
[Black "Ahmed Hassan"]
[Result "1-0"]
[WhiteElo "2372"]
[BlackElo "2234"]
[PlyCount "129"]
[EventDate "2024.09.11"]
[WhiteTeam "Japan"]
[BlackTeam "Sudan"]
[WhiteTeamCountry "JPN"]
[BlackTeamCountry "SUD"]

1. e4 c5 2. Nf3 e6 3. Nc3 Nc6 4. d4 cxd4 5. Nxd4 Nf6 6. Ndb5 Bb4 7. a3 Bxc3+ 8. Nxc3 d5 9. exd5 exd5 10. Bd3 O-O 11. O-O Bg4 12. Ne2 Re8 13. Re1 $146 ({RR} 13. f3 Bh5 14. Nf4 Bg6 15. Nxg6 hxg6 16. Kh1 Ne5 17. Bf4 Qb6 18. b3 Qd4 19. Bxe5 Rxe5 20. Qd2 Rae8 21. Rad1 Nh5 22. f4 Ng3+ {0-1 Stoyanov,T (2396)-Erdogmus,Y (2150) Titled Tuesday intern op 14th Sept blitz 2021 (10)}) ({RR} 13. f3 Bh5 14. Nf4 Bg6 15. Nxg6 Qb6+ 16. Kh1 hxg6 17. b3 Ne5 18. Be2 Rac8 19. a4 Qc5 20. Bb5 Red8 21. Ba3 Qc7 22. Re1 d4 23. Bf1 Rd5 24. Rc1 Qd7 25. Qd2 Qf5 26. Bb2 g5 27. Bxd4 Rcd8 {½-½ Areshchenko,A (2687)-Shankland,S (2709) FIDE World Cup 2021 (3.2)}) ({RR} 13. h3 Bh5 14. Qd2 Ne5 15. Nf4 Bg6 16. Nxg6 hxg6 17. Qd1 Rc8 18. Bf4 Qb6 19. b3 Qc5 20. Bxe5 Rxe5 21. Re1 Rce8 22. Rxe5 Rxe5 23. Qd2 Qd4 24. Re1 b6 25. a4 a5 26. Kf1 Ne4 27. Qe3 Qc3 {1-0 Ghoreishi Amiri,S (2063)-Kopylov,D (2369) Titled Tue 3rd Sep Early 2024 (10)}) ({RR} 13. h3 Bh5 14. Bg5 Qd6 15. g4 Bg6 16. Ng3 Rad8 17. Nf5 Bxf5 18. Bxf5 Ne7 19. Bd3 Qe5 20. Be3 b6 21. Re1 Ng6 22. c3 Nf4 23. Bf1 h5 24. Qf3 Ng6 25. Bxb6 axb6 26. Rxe5 Rxe5 27. gxh5 Rxh5 {0-1 Goncharov,V (2077)-Fernandez Garcia,G (2160) Titled Tue 9th May Early 2023 (3)}) ({RR} 13. Bg5 Nd4 14. f3 Nxe2+ 15. Bxe2 Bf5 16. Bd3 Qb6+ 17. Kh1 Bxd3 18. Qxd3 Qxb2 19. Rab1 Qe5 20. Bxf6 Qxf6 21. Rxb7 Qc6 22. Qb5 Qxb5 23. Rxb5 Rad8 24. Kg1 g6 25. Rd1 Re3 26. a4 Ra3 27. Ra5 Rd7 {1-0 Kovarik,M (1848)-Solc,F (1980) CZE-chT U18 Extraliga final-A 1617 2016 (8.4)}) 13... Qb6 14. Rb1 Rad8 15. Bg5 Ne5 16. Qd2 Nxd3 17. Qxd3 Bxe2 18. Rxe2 Rxe2 19. Qxe2 h6 20. Bxf6 Qxf6 21. Qb5 Qc6 22. Qxc6 bxc6 23. Re1 Rb8 24. b3 Kf8 25. Kf1 Rb7 26. Re3 Re7 27. Ke2 Re6 28. Kd3 Ke7 29. c4 Kd6 30. cxd5 Rxe3+ 31. fxe3 Kxd5 32. e4+ Ke5 33. b4 f6 34. Ke3 h5 35. g3 g6 36. h3 f5 37. exf5 Kxf5 38. Kf3 Kg5 39. Ke4 h4 40. g4 Kf6 41. Kf4 g5+ 42. Ke4 Ke6 43. a4 Kf6 44. Kd4 Ke6 45. Kc5 Kd7 46. b5 cxb5 47. Kxb5 Kc7 48. Kc5 Kb7 49. Kd5 Kb6 50. Ke5 Ka5 51. Kf5 Kxa4 52. Kxg5 Kb4 53. Kf4 a5 54. Ke3 Kc5 55. Kd3 Kd5 56. Kc3 Ke5 57. Kb3 Kf4 58. Ka4 Kg3 59. g5 Kxh3 60. g6 Kh2 61. g7 h3 62. g8=Q Kh1 63. Qg3 h2 64. Kb5 a4 65. Qf2 1-0

[Event "45th Olympiad 2024"]
[Site "Budapest HUN"]
[Date "2024.09.18"]
[Round "7.41"]
[Board "3"]
[White "Nader Obeid"]
[Black "Aoshima, Mirai"]
[Result "0-1"]
[WhiteElo "2083"]
[BlackElo "2385"]
[PlyCount "71"]
[EventDate "2024.09.11"]
[WhiteTeam "Sudan"]
[BlackTeam "Japan"]
[WhiteTeamCountry "SUD"]
[BlackTeamCountry "JPN"]

1. d4 Nf6 2. Bf4 e6 3. e3 c5 4. Nd2 Nc6 5. Ngf3 d5 6. c3 cxd4 7. cxd4 Nh5 8. Bg5 Qb6 9. Bd3 h6 10. Bh4 g5 11. Ne5 Nxe5 12. dxe5 Ng7 $146 ({RR} 12... Bb4 13. Bg3 Nxg3 14. hxg3 Bd7 15. Rc1 Bf8 16. Nf3 Bg7 17. O-O O-O 18. Qe2 Rac8 19. Nh2 Bxe5 20. Qh5 Bg7 21. Ng4 e5 22. e4 dxe4 23. Bxe4 f5 24. Bd5+ Kh8 25. Rxc8 Bxc8 26. Ne3 f4 27. Nc4 {1-0 Ayapov,A (1940)-Molenda,M (2394) 23rd IPCA WCh 2024 (8.1)}) 13. Bg3 Bd7 14. O-O Bb5 15. Bxb5+ Qxb5 16. Rc1 Be7 17. Nb3 h5 18. Nd4 Qxb2 19. Qa4+ Kf8 20. f4 h4 21. Rc2 Qa3 22. Qxa3 Bxa3 23. Be1 g4 24. Rc7 Nf5 25. Nxf5 exf5 26. Bc3 Rh6 27. Rxb7 Rc8 28. Bd4 Rhc6 29. Rxa7 Bc5 30. Ra5 Bxd4 31. exd4 Rc2 32. Rf2 g3 33. hxg3 hxg3 34. Rf1 R8c3 35. Rf3 Rd3 36. Rc5 0-1

[Event "45th Olympiad 2024"]
[Site "Budapest HUN"]
[Date "2024.09.18"]
[Round "7.41"]
[Board "4"]
[White "Yamada, Kohei"]
[Black "Eltag, Siddig"]
[Result "1-0"]
[WhiteElo "2178"]
[BlackElo "2138"]
[PlyCount "99"]
[EventDate "2024.09.11"]
[WhiteTeam "Japan"]
[BlackTeam "Sudan"]
[WhiteTeamCountry "JPN"]
[BlackTeamCountry "SUD"]

1. e4 e5 2. Nf3 Nf6 3. d4 Nxe4 4. Bd3 d5 5. Nxe5 Nd7 6. Nc3 Bb4 7. O-O Nxe5 8. dxe5 Nxc3 9. bxc3 Be7 ({RR} 9... Bxc3 10. Rb1 O-O 11. Bxh7+ Kxh7 12. Qd3+ Kg8 13. Qxc3 a5 14. Rd1 Ra6 15. Rb5 Rc6 16. Qd3 Be6 17. Rxb7 Qh4 18. Rb3 Qe4 19. Rc3 Rxc3 20. Qxc3 c5 21. Re1 Qb4 22. Qxb4 axb4 23. a3 Rb8 24. axb4 {½-½ Abdusattorov,N (2727)-Nakamura,H (2788) CCT Final Survival Loser 2023 (2.1)}) ({RR} 9... Bxc3 10. Rb1 O-O 11. Bxh7+ Kxh7 12. Qd3+ Kg8 13. Qxc3 b6 14. Rb3 Bf5 15. Qd2 Qe7 16. Re1 Rad8 17. Rg3 Bg6 18. c3 Qe6 19. h4 d4 20. cxd4 c5 21. Qg5 Qf5 22. dxc5 bxc5 23. h5 Qxg5 24. Bxg5 {1-0 Quesada Perez,Y (2591)-Rogov,M (2163) Titled Tue 12th Mar Late 2024 (3)}) 10. Rb1 $146 ({RR} 10. f4 O-O 11. f5 Re8 12. e6 Bc5+ 13. Kh1 fxe6 14. f6 gxf6 15. Bxh7+ Kxh7 16. Qh5+ Kg8 17. Qg6+ Kf8 18. Qh7 {1-0 Vaishali,R (2383)-Priyanka,N (2212) Moscow Aeroflot op-B 2020 (2)}) 10... b6 11. Bb5+ Kf8 12. Bc6 Ba6 13. Re1 Rc8 14. Bxd5 c6 15. Bb3 Qxd1 16. Rxd1 h6 17. Be3 Rd8 18. Ba4 Bb7 19. c4 g5 20. Rxd8+ Bxd8 21. c5 b5 22. Bb3 Bc7 23. Bd4 Ke7 24. e6 f6 25. g3 Rd8 26. c3 a5 27. Re1 a4 28. Bc2 Ba5 29. Re3 Bc7 30. Rf3 Rf8 31. Bf5 Be5 32. Rd3 Rd8 33. Bxe5 fxe5 34. Rd7+ Rxd7 35. exd7 a3 36. Kg2 b4 37. cxb4 Ba6 38. Be6 g4 39. h3 h5 40. hxg4 hxg4 41. f3 gxf3+ 42. Kxf3 Bd3 43. g4 Bg6 44. Ke3 Bb1 45. Kd2 Kd8 46. Kc3 Ke7 47. g5 Bg6 48. b5 cxb5 49. c6 Kd8 50. Kb4 1-0

[Event "45th Olympiad 2024"]
[Site "Budapest HUN"]
[Date "2024.09.18"]
[Round "7.42"]
[Board "1"]
[White "Zhakshylykov, Erzhan"]
[Black "Ahmad, Al Khatib"]
[Result "1-0"]
[WhiteElo "2327"]
[BlackElo "2302"]
[PlyCount "111"]
[EventDate "2024.09.11"]
[WhiteTeam "Kyrgyzstan"]
[BlackTeam "Jordan"]
[WhiteTeamCountry "KGZ"]
[BlackTeamCountry "JOR"]

1. d4 Nf6 2. c4 e6 3. Nc3 Bb4 4. Nf3 Bxc3+ 5. bxc3 d6 6. Qc2 Qe7 7. e4 ({RR} 7. a4 c5 8. e4 e5 9. d5 Nbd7 10. h4 h6 11. Be2 Kd8 12. Nd2 Kc7 13. Nf1 g6 14. g4 a5 15. h5 gxh5 16. gxh5 Nb6 17. Ng3 Bd7 18. Qb3 Ne8 19. Be3 Ng7 20. Kd2 f5 21. exf5 Nxf5 {0-1 Fedoseev,V (2683)-Carlsen,M (2830) World Rapid 2023 (10.1)}) 7... e5 8. Bd3 Bg4 9. Nd2 Nc6 $146 ({RR} 9... O-O 10. O-O Bh5 11. c5 exd4 12. cxd6 cxd6 13. cxd4 Nc6 14. Bb2 Nb4 15. Qb3 Nxd3 16. Qxd3 Rfe8 17. f3 Bg6 18. Ba3 Nd5 19. Nc4 Red8 20. Qd2 Nb6 21. Na5 Qd7 22. d5 f5 23. Qd4 fxe4 24. fxe4 {1-0 Nikcevic,N (2414)-Rasovic,U (2151) TCh-MNE Premier 2023 (4.2)}) 10. f3 Bd7 11. Nb3 Nh5 12. Be3 O-O 13. Qd2 f5 14. d5 f4 15. Bf2 Nd8 16. c5 Nf7 17. c4 b6 18. cxd6 cxd6 19. a4 g5 20. g4 fxg3 21. hxg3 Nf6 22. g4 Kg7 23. Be3 Kg6 24. a5 h5 25. gxh5+ Nxh5 26. Rg1 Rg8 27. Kd1 Qf6 28. Kc2 Nf4 29. Bxf4 Qxf4 30. Qxf4 exf4 31. e5+ Bf5 32. Bxf5+ Kxf5 33. e6 Ne5 34. Nd4+ Kf6 35. Kb3 Rab8 36. a6 Rbc8 37. Ra4 Rh8 38. Nb5 Nxf3 39. Rc1 Ke5 40. Nxa7 Nd4+ 41. Kb4 Rc5 42. Ra2 f3 43. Re1+ Kf4 44. Kc3 Nf5 45. e7 g4 46. Nc6 g3 47. a7 f2 48. Rf1 Ne3 49. a8=Q Rxa8 50. Rxa8 Nxd5+ 51. Kd3 Nxe7 52. Nxe7 Kf3 53. Nd5 Ra5 54. Rf8+ Kg4 55. Ne3+ Kh4 56. Rf3 1-0

[Event "45th Olympiad 2024"]
[Site "Budapest HUN"]
[Date "2024.09.18"]
[Round "7.42"]
[Board "2"]
[White "Loay, Sameer"]
[Black "Orozbaev, Eldiyar"]
[Result "0-1"]
[WhiteElo "2194"]
[BlackElo "2376"]
[PlyCount "92"]
[EventDate "2024.09.11"]
[WhiteTeam "Jordan"]
[BlackTeam "Kyrgyzstan"]
[WhiteTeamCountry "JOR"]
[BlackTeamCountry "KGZ"]

1. e4 c5 2. Be2 Nc6 3. f4 e6 4. Nf3 d5 5. d3 Nf6 6. e5 Nd7 7. c3 b5 8. d4 b4 9. O-O Qb6 $146 ({RR} 9... bxc3 10. bxc3 Qa5 11. Be3 Be7 12. Bd3 Ba6 13. f5 Rb8 14. fxe6 fxe6 15. Ng5 Bxg5 16. Qh5+ g6 17. Bxg6+ Kd8 18. Bxg5+ Kc7 19. Rf7 hxg6 20. Qxg6 Nxd4 21. h4 Rbg8 22. Rxd7+ Kxd7 23. Qf7+ Kc6 24. Bf6 {0-1 Bortnyk,O (2608)-Bacrot,E (2680) Titled Tue 26th Mar Early 2024 (7)}) 10. Be3 a5 11. Nbd2 Ba6 12. Bxa6 Qxa6 13. f5 Qd3 14. Qe1 exf5 15. e6 fxe6 16. Bf4 Nd8 17. Ng5 Qa6 18. Bc7 h6 19. Qh4 hxg5 20. Qxh8 Nf7 21. Qh5 cxd4 22. cxd4 Rc8 23. Bg3 f4 24. Bf2 Qd3 25. Rae1 Rc6 26. Qf3 Qxf3 27. Nxf3 Nf6 28. Rc1 Rxc1 29. Rxc1 Kd7 30. Ne5+ Nxe5 31. dxe5 Ne4 32. Bd4 g4 33. h3 g3 34. Kf1 b3 35. axb3 Nd2+ 36. Ke2 Nxb3 37. Rd1 g5 38. Bc3 Kc6 39. Kd3 Bc5 40. Rf1 Be3 41. Be1 a4 42. Bb4 Nc1+ 43. Kc2 d4 44. Be7 d3+ 45. Kd1 Ne2 46. Bxg5 a3 0-1

[Event "45th Olympiad 2024"]
[Site "Budapest HUN"]
[Date "2024.09.18"]
[Round "7.42"]
[Board "3"]
[White "Abdyzhapar, Asylbek"]
[Black "Saif, Malek"]
[Result "1-0"]
[WhiteElo "2357"]
[BlackElo "2162"]
[PlyCount "107"]
[EventDate "2024.09.11"]
[WhiteTeam "Kyrgyzstan"]
[BlackTeam "Jordan"]
[WhiteTeamCountry "KGZ"]
[BlackTeamCountry "JOR"]

1. d4 Nf6 2. c4 d6 3. Nf3 g6 4. Nc3 Bg7 5. e4 O-O 6. Be2 e5 7. Be3 exd4 8. Nxd4 Re8 9. f3 c6 10. Bf2 d5 11. exd5 cxd5 12. O-O Nc6 13. c5 Nxd4 14. Bxd4 Be6 15. Qd2 ({RR} 15. b4 Qc7 16. Nb5 Qf4 17. g3 Qb8 18. Nd6 Re7 19. f4 Ne8 20. Bxg7 Nxg7 21. Bf3 Ne8 22. f5 gxf5 23. Nxe8 Qxe8 24. Qd4 Qf8 25. Rad1 Rd8 26. Qf4 d4 27. Rxd4 Rxd4 28. Qxd4 Rd7 29. Qf6 Qg7 {1-0 Zabron,M (2013)-Filipska,M (1862) TCh-POL 2nd League 2024 (7.46)}) 15... Nh5 16. Bb5 Rf8 17. Rfd1 $146 ({RR} 17. Rad1 Qc7 18. b4 Rad8 19. Ba4 Bxd4+ 20. Qxd4 Ng7 21. Bc2 b6 22. cxb6 axb6 23. Bd3 Qb7 24. Rf2 Bf5 25. Bf1 Be6 26. g4 f5 27. Bg2 Qb8 28. Na4 fxg4 29. fxg4 Rxf2 30. Qxf2 Bxg4 31. Rxd5 Be6 {½-½ Neuman,P (2400)-Mametev,A (1991) 29th Klatovy Open 2023 (1.2)}) 17... Bxd4+ 18. Qxd4 Qg5 19. Bf1 Rfd8 20. Nb5 a5 21. Rac1 Ng7 22. Re1 Rd7 23. a3 a4 24. Qb4 Nf5 25. Nd4 Nxd4 26. Qxd4 Rc7 27. Rc3 Qd8 28. h4 Ra5 29. Bd3 Qf8 30. Rec1 Qg7 31. Qf4 Rc8 32. Qb4 Rca8 33. R3c2 Qf6 34. Re2 R5a7 35. Bb5 Qd8 36. Qd4 Ra5 37. Bd3 Rc8 38. Rec2 Rca8 39. Re1 Qf8 40. h5 Qg7 41. Re5 Rc8 42. f4 Qf6 43. h6 Rd8 44. g4 Raa8 45. g5 Qe7 46. Re3 Qf8 47. Bxg6 Re8 48. Bd3 f5 49. Bb5 Re7 50. Rce2 Ra5 51. Rxe6 Rxe6 52. Rxe6 Rxb5 53. Re8 Qxe8 54. Qg7# 1-0

[Event "45th Olympiad 2024"]
[Site "Budapest HUN"]
[Date "2024.09.18"]
[Round "7.42"]
[Board "4"]
[White "Anas Khwaira"]
[Black "Sezdbekov, Ruslan"]
[Result "0-1"]
[WhiteElo "1994"]
[BlackElo "2251"]
[PlyCount "152"]
[EventDate "2024.09.11"]
[WhiteTeam "Jordan"]
[BlackTeam "Kyrgyzstan"]
[WhiteTeamCountry "JOR"]
[BlackTeamCountry "KGZ"]

1. d4 Nf6 2. c4 e6 3. Nc3 d5 4. cxd5 exd5 5. Bg5 Be7 6. e3 O-O 7. Bd3 Nbd7 8. Nge2 Re8 9. Qc2 Nf8 10. O-O h6 ({RR} 10... Be6 11. Nf4 h6 12. Bh4 c6 13. Rab1 a5 14. a3 Qd7 15. Na4 Qc7 16. Nc5 Bxc5 17. dxc5 Ne4 18. f3 g5 19. fxe4 gxh4 20. Nh5 Nd7 21. Qc3 Qe5 22. Nf6+ Kg7 23. Nxe8+ Rxe8 24. Rbc1 dxe4 25. Bxe4 {1-0 Robson,R (2652)-Katz,A (2427) Titled Tuesday intern op 4th June blitz 2019 (4)}) 11. Bh4 ({RR} 11. Bxf6 Bxf6 12. b4 a6 13. a4 Be6 14. Rae1 Qd6 15. b5 axb5 16. Nxb5 Qb6 17. Qxc7 Bd8 18. Qxb6 Bxb6 19. Nf4 Rxa4 20. Nd6 Rb8 21. Rb1 Bc7 22. Nxe6 Nxe6 23. Nxb7 Ra3 24. Bf5 Ng5 25. Nc5 g6 {1-0 Uyangalyankhua,B (1656)-Caku,K (1846) Swiss Queens Wed #6 2024 (9.59)}) 11... Ne6 12. f3 c5 13. dxc5 $146 ({RR} 13. Bf2 cxd4 14. exd4 Bd7 15. Qb3 Bc6 16. Rac1 Nh5 17. Rfe1 Bd6 18. Nb5 Bb8 19. Nbc3 Qg5 20. Qc2 Nhf4 21. Ng3 g6 22. Nce2 h5 23. Nxf4 Nxf4 24. Rxe8+ Kg7 25. Be3 h4 26. Bxf4 Qxf4 27. Rce1 hxg3 {0-1 Mueller,S (1941)-Serrer,C (2137) GER-ch Net blitz sf 2021 (9)}) 13... Nxc5 14. Bb5 Rf8 15. Nd4 Be6 16. Rad1 Rc8 17. a3 a6 18. Bd3 Nxd3 19. Rxd3 Nd7 20. Bf2 Qa5 21. Bg3 Qb6 22. Rfd1 Bf6 23. Qf2 Nc5 24. R3d2 Nb3 25. Na4 Qa5 26. Nxb3 Qxa4 27. Nd4 Rfd8 28. Bh4 g5 29. Bg3 Rc5 30. h3 Rdc8 31. Qf1 Qe8 32. Qd3 Bd7 33. Nf5 Bxf5 34. Qxf5 Kg7 35. Qd3 Qe6 36. Bf2 Rb5 37. Qe2 Rc4 38. b4 a5 39. bxa5 Rxa5 40. Rd3 Rb5 41. Be1 Rb2 42. R3d2 Rxd2 43. Qxd2 d4 44. Bf2 dxe3 45. Bxe3 Rc3 46. Bd4 Rxa3 47. Qb2 Qe3+ 48. Bxe3 Bxb2 49. Kf2 Be5 50. Rd5 Ra2+ 51. Kf1 Kf6 52. Rb5 Rb2 53. Rc5 Ke6 54. h4 gxh4 55. Bxh6 Rb1+ 56. Rc1 Rb2 57. Re1 Kd5 58. Rd1+ Kc6 59. Rc1+ Kb5 60. Be3 b6 61. Rc8 Rb4 62. Bf2 Bd6 63. Rh8 Rb1+ 64. Ke2 Rb2+ 65. Kf1 Bg3 66. Bxg3 hxg3 67. Rg8 Kc4 68. Rxg3 b5 69. Rg7 f5 70. Rf7 b4 71. g4 b3 72. Rc7+ Kd4 73. Rb7 f4 74. g5 Ke3 75. g6 Kxf3 76. Re7 Rb1+ 0-1

[Event "45th Olympiad 2024"]
[Site "Budapest HUN"]
[Date "2024.09.18"]
[Round "7.43"]
[Board "1"]
[White "Al-Ali, Hussein Ali Hussein"]
[Black "Saraci, Nderim"]
[Result "0-1"]
[WhiteElo "2122"]
[BlackElo "2446"]
[PlyCount "120"]
[EventDate "2024.09.11"]
[WhiteTeam "Iraq"]
[BlackTeam "Kosovo"]
[WhiteTeamCountry "IRQ"]
[BlackTeamCountry "KOS"]

1. e4 d5 2. exd5 Qxd5 3. Nc3 Qd6 4. d4 Nf6 5. Nf3 c6 6. Ne5 Nbd7 7. Nc4 Qc7 8. g3 Nb6 9. Bf4 ({RR} 9. Ne5 Be6 10. Bg2 g6 11. Bf4 Qc8 12. Qd2 Bg7 13. Bh6 Bxh6 14. Qxh6 Qc7 15. O-O-O O-O-O 16. Bh3 Bxh3 17. Qxh3+ e6 18. Rhe1 Nbd5 19. Nxd5 Nxd5 20. Qh6 Kb8 21. a3 f6 22. Nd3 Rhe8 23. Re2 Qf7 {½-½ Mamedov,R (2659)-Carlsen,M (2872) Wch Rapid Moscow 2019 (4)}) 9... Qd8 10. Ne3 ({RR} 10. Ne5 Be6 11. Bg2 g6 12. h4 h5 13. Qd2 Bg7 14. Nf3 Nc4 15. Qc1 Nd5 16. Nxd5 Bxd5 17. c3 e5 18. dxe5 Bxf3 19. Bxf3 Qd3 20. Be2 Qd5 21. O-O Nxe5 22. Rd1 Qe4 23. Re1 O-O-O 24. Bg4+ hxg4 {1-0 Rego,V (2238)-Novoselov,R (2279) Titled Tue 9th Apr Early 2024 (10)}) 10... g6 $146 ({RR} 10... Nbd5 11. Nexd5 Nxd5 12. Nxd5 Qxd5 13. f3 Bf5 14. c3 e6 15. Bg2 Bd6 16. Bxd6 Qxd6 17. f4 h5 18. Qe2 O-O-O 19. Bf3 h4 20. O-O-O g5 21. Qe5 Qxe5 22. fxe5 g4 23. Bg2 h3 24. Bf1 Be4 25. Rg1 {0-1 Froewis,A (2066)-Koykka,P (2303) Heart of Finland op 25th 2015 (4)}) ({RR} 10... Nbd5 11. Be5 Nxe3 12. fxe3 Nd5 13. Bc4 Be6 14. Qf3 Qd7 15. e4 Nxc3 16. Qxc3 Bxc4 17. Qxc4 e6 18. O-O-O f6 19. Bf4 Rc8 20. Qb3 Be7 21. Rhe1 Kf8 22. h4 h5 23. Kb1 g6 24. Qf3 Kg7 25. g4 {1-0 Smith,B (2396)-Rosenberger,F (2050) Heusenstamm Schloss Open 2023 (2.6)}) ({RR} 10... Nfd5 11. Nexd5 Nxd5 12. Qf3 Be6 13. Bg2 Nxc3 14. Qxc3 Bd5 15. f3 Qb6 16. a3 a5 17. O-O a4 18. Rfe1 e6 19. Rad1 Qa5 20. Qd3 b5 21. Bd2 Qb6 22. f4 O-O-O 23. Bxd5 Rxd5 24. Be3 Kb7 25. Rc1 {1-0 Dolzhikova,K (2290)-Bogumil,T (2201) EU-ch (Women) 11th 2010 (2)}) 11. Bg2 Nh5 12. Bg5 h6 13. Bh4 Nf6 14. Bxf6 exf6 15. d5 cxd5 16. Nexd5 Nxd5 17. Qxd5 Be7 18. O-O-O Qxd5 19. Nxd5 Bd8 20. Rhe1+ Kf8 21. Kb1 Kg7 22. c4 Rb8 23. c5 h5 24. h4 g5 25. Ne3 Be6 26. Bd5 Ba5 27. Re2 Rhd8 28. a3 gxh4 29. gxh4 f5 30. b4 Bc7 31. Bxe6 fxe6 32. Rxd8 Rxd8 33. Nxf5+ Kf6 34. Ne3 Rd4 35. Ng2 Rg4 36. f3 Rg3 37. Ne1 Rh3 38. Kc2 Rxh4 39. Kd3 Rh1 40. Ke4 Bg3 41. Nc2 h4 42. b5 h3 43. Ne3 Rb1 44. f4 Kg7 45. Ng4 Rf1 46. Nh2 Rxf4+ 47. Ke3 Rc4 48. Kf3 Bxh2 49. Rxh2 Rxc5 50. a4 Rc4 51. Kg3 Rxa4 52. Rc2 Ra3+ 53. Kh2 b6 54. Rf2 Kg6 55. Rf8 Kg5 56. Rf1 e5 57. Rf8 Kg4 58. Rg8+ Kf4 59. Rf8+ Ke4 60. Rf7 Kd4 0-1